| 000 | 00354nam a2200145 a 4500 | ||
|---|---|---|---|
| 001 | 222 | ||
| 003 | CDMR | ||
| 005 | 20130306110611.0 | ||
| 008 | 130130s2005||||||||||||||||||||||||||||d | ||
| 040 |
_aCDMR _bcat _cCPC LLEIDA |
||
| 110 | 2 |
_aDiari Segre _962 |
|
| 245 | 1 | 0 |
_aAnuari Segre 2004 _cDiari SEGRE |
| 260 |
_aLleida _c2005 _bPrensa Leridana |
||
| 942 |
_cMON _2udc |
||
| 999 |
_c222 _d222 |
||